Rapport sur la possibilite d'etablir des relations commerciales entre la France et la Birmanie (Record no. 167802)

MARC details
000 -LEADER
campo de control de longitud fija 00927nam a22001815i 4500
001 - NÚMERO DE CONTROL
campo de control 167802
003 - IDENTIFICADOR DE NÚMERO DE CONTROL
campo de control ES-MaACL
005 - FECHA Y HORA DE LA ÚLTIMA TRANSACCIÓN
campo de control 20230906213610.0
008 - DATOS DE LONGITUD FIJA--INFORMACIÓN GENERAL
campo de control de longitud fija 990421s1879 fr |||| | fre d
040 ## - FUENTE DE CATALOGACIÓN
Centro catalogador/agencia de origen CCPB | B
Lengua de catalogación spa
Centro/agencia transcriptor CCPB | B
100 1# - ENTRADA PRINCIPAL--NOMBRE DE PERSONA
Nombre de persona Vossion, Louis.
9 (RLIN) 133830
245 10 - MENCIÓN DEL TÍTULO
Título Rapport sur la possibilite d'etablir des relations commerciales entre la France et la Birmanie
Resto del título : adresse a M. le marquis de Croizier ... /
Mención de responsabilidad, etc. par Louis Vossion.
260 ## - PUBLICACIÓN, DISTRIBUCIÓN, ETC.
Lugar de publicación, distribución, etc. Paris :
Nombre del editor, distribuidor, etc. [s.n.],
Fecha de publicación, distribución, etc. 1879 (
Fabricante Imprimerie Centrale des Chemins de Fer, A. Chaix et Cie)
300 ## - DESCRIPCIÓN FÍSICA
Extensión 7 p. ;
Dimensiones 24 cm.
594 #1 - Nota al título y mención de responsabilidad
Nota al título y mención de responsabilidad Precede al tit.: Societe Academique Indo-Chinoise de France pour l'etude scientifique et economique de l'Inde transgangetique, de l'Inde française et de la Malaisie.
651 #4 - PUNTO DE ACCESO ADICIONAL DE MATERIA--NOMBRE GEOGRÁFICO
Nombre geográfico Francia-
Subdivisión general Comercio exterior-
Subdivisión geográfica Birmania.
9 (RLIN) 137168
852 ## - LOCALIZACIÓN
Ubicación ES-MaACL
Número de control de estantería T-378-F-31
Nota libre -- Enc. hol., falto de la cub. original
-- -- Enc. en un vol. facticio
Holdings
Estatus retirado Estado de pérdida Estado de daño No para préstamo Colección Biblioteca de origen Biblioteca actual Ubicación en estantería Fecha de adquisición Total de préstamos Signatura topográfica completa Código de barras Visto por última vez Precio de reemplazo Tipo de ítem Koha
        Colección de folletos Biblioteca del Ateneo de Madrid Biblioteca del Ateneo de Madrid Depósito folletos 17/01/2008   T-378-F-31 1176042 23/02/2023 23/02/2023 Folleto